| 000 | 00681nam a2200121Ia 4500 | ||
|---|---|---|---|
| 008 | 220615s9999||||xx |||||||||||||| ||und|| | ||
| 245 | 0 |
_aPopular Music and Public Diplomacy _bTransnational and Transdisciplinary Perspectives |
|
| 546 | _aEnglish[eng] | ||
| 650 | _aArts||Music||Politics||Popular Culture||Pop Music||International Relations||History of the 20th Century||Cultural History||Musicology | ||
| 700 | _aDunkel, Mario||Nitzsche, Sina A. | ||
| 856 | _uhttps://library.oapen.org/bitstream/20.500.12657/25373/1/1004723.pdf||https://library.oapen.org/bitstream/20.500.12657/25373/1/1004723.pdf||https://library.oapen.org/bitstream/20.500.12657/25373/1/1004723.pdf | ||
| 942 | _cEB | ||
| 999 |
_c14023 _d14023 |
||